« Retourner aux résultats de recherche
Cerfs-volants de Kaboul (Les)
| Auteur principal: | Khaled Hosseini |
|---|---|
| D'autres auteurs: | Valérie Bourgeois |
| Support: | Livres |
| Langue: | Francais |
| Genre: |
Roman (gros caractères) |
| Sujets: | |
| Étiquettes: |
Ajouter
Pas de Tags !
|
| LEADER | 01011nam0a2200193 450 | ||
|---|---|---|---|
| 001 | 16847704 | ||
| 010 | |a 2-84666-246-0 |b Br. |d 23 | ||
| 100 | |a 20050120d2005 u u0frey01 ba | ||
| 101 | 1 | |a fre |c eng | |
| 102 | |a FR | ||
| 200 | 0 | |a Cerfs-volants de Kaboul (Les) |f Khaled Hosseini |g trad. de l'américain Valérie Bourgeois | |
| 207 | 1 | |a | |
| 215 | |a 553 p. |d 24 cm | ||
| 330 | |a A Kaboul, dans les années 70, Amir et Hassan sont élevés au sein de la même propriété mais grandissent dans des mondes différents : Amir est fils d'un riche commerçant et Hassan de son serviteur. Lorsque les Soviétiques envahissent le pays, Amir fuit en Californie, pensant qu'une nouvelle vie s'offre à lui, mais le souvenir D'Hassan le suit partout. Premier roman. | ||
| 700 | 0 | |a Hosseini |b Khaled |f 1965-.... |4 70 | |
| 702 | 0 | |a Bourgeois |b Valérie |4 730 | |
| 900 | |a Roman (gros caractères) | ||
| 901 | |a Accessible au prêt | ||
| 995 | |a Bibliothèque |c Bibliothèque |f 00156006242101 |h 00156006242101 |k R HOS |o p |q a |r az |e Bibliothèque | ||
